[Event "2nd Bundesliga Ost 2005-6"]
[Site "Austria AUT"]
[Date "2006.02.24"]
[Round "7"]
[White "Schneider Zinner,H"]
[Black "Vokroj,R"]
[Result "1-0"]
[WhiteElo "2384"]
[BlackElo "2303"]

1.d4 Nf6 2.c4 e6 3.g3 Bb4+ 4.Bd2 Qe7 5.Bg2 O-O 6.Nf3 Ne4 7.O-O Nxd2 8.Nbxd2 c6
9.c5 b6 10.Nc4 bxc5 11.a3 Ba6 12.axb4 Bxc4 13.bxc5 d5 14.cxd6 Qxd6 15.Qc2 Bb5
16.Ng5 g6 17.Rfd1 Nd7 18.Ne4 Qe7 19.Nc3 Rfc8 20.Nxb5 cxb5 21.Qd2 Rab8 22.Rxa7 Qd6
23.e4 Nb6 24.e5 Qd8 25.d5 Nxd5 26.Bxd5 exd5 27.Qxd5 Qxd5 28.Rxd5 Rc1+ 29.Kg2 Rc2
30.Rdd7 Re8 31.Rxf7 Rxe5 32.Rg7+ Kh8 33.Rxh7+ Kg8 34.Rag7+ Kf8 35.Rf7+ Kg8
36.Rhg7+ Kh8 37.Rxg6 Rxb2 38.h4 b4 39.Rb6 Re8 40.h5 b3 41.Rbb7 Rb1 42.h6  1-0

[Event "III GM-Tage"]
[Site "Pulvermuehle GER"]
[Date "2006.02.25"]
[Round "1"]
[White "Prusikin,M"]
[Black "Jussupow,Ar"]
[Result "1/2-1/2"]
[WhiteElo "2563"]
[BlackElo "2605"]

1.d4 Nf6 2.c4 e6 3.g3 Bb4+ 4.Bd2 Be7 5.Bg2 d5 6.Nf3 O-O 7.O-O c6 8.Bf4 Nbd7
9.Nc3 dxc4 10.e4 Re8 11.a4 a5 12.Qc2 Nf8 13.Rfd1 Ng6 14.Bg5 h6 15.Bxf6 Bxf6
16.Qe2 Qb6 17.e5 Be7 18.Qxc4 Bd7 19.Ne4 Red8 20.b3 Be8 21.Rd3 Qa7  1/2-1/2

[Event "FSIMA March"]
[Site "Budapest HUN"]
[Date "2006.03.10"]
[Round "7"]
[White "Horvath,And"]
[Black "Toth,Li"]
[Result "1-0"]
[WhiteElo "2329"]
[BlackElo "2215"]

1.d4 Nf6 2.c4 e6 3.g3 Bb4+ 4.Bd2 c5 5.Bg2 O-O 6.Bxb4 cxb4 7.e4 d6 8.Ne2 e5
9.O-O Nc6 10.a3 bxa3 11.Nxa3 Qb6 12.Qd2 a5 13.Nb5 Rd8 14.b3 Nb4 15.Nec3 exd4
16.Na4 Qa6 17.Nc7 Qa7 18.Nxa8 Qxa8 19.Qxd4 Nc2 20.Qb6 Bd7 21.Ra2 Nb4 22.Rd2 Bc6
23.Rfd1 Nxe4 24.Bxe4 Bxe4 25.Rxd6 Rxd6 26.Qxd6 Nc6 27.Re1 Bf5 28.Qf4 g6 29.Nb6 Qd8
30.Nd5 Kg7 31.Qd2 f6 32.Qe3 Qd6 33.Ne7 Bg4 34.Nxc6 Qxc6 35.Qe4  1-0

[Event "XXII Open"]
[Site "Reykjavik ISL"]
[Date "2006.03.12"]
[Round "7"]
[White "Bjarnason,S"]
[Black "Bjornsson,Sv"]
[Result "1/2-1/2"]
[WhiteElo "2240"]
[BlackElo "2108"]

1.d4 Nf6 2.c4 e6 3.g3 Bb4+ 4.Nd2 c5 5.Nf3 cxd4 6.Nxd4 Qb6 7.e3 Nc6 8.Nb3 Ne5
9.Be2 d5 10.O-O dxc4 11.Nxc4 Nxc4 12.Bxc4 O-O 13.Qd4 Qxd4 14.Nxd4 a6 15.a3 Be7
16.b4 Bd7 17.Bb2 Ba4 18.Be2 Ne4 19.Rfc1 Rac8 20.Bf3 Nd6 21.Ne2 Bf6 22.Bxf6 gxf6
23.Nf4 Kg7 24.Rc5 b6 25.Rcc1 a5 26.h4 Rxc1+ 27.Rxc1 Rc8 28.Rxc8 Nxc8 29.Kf1 Nd6
30.Be2 Bb5 31.Ke1 Bxe2 32.Nxe2 Nc4 33.bxa5 bxa5 34.a4 f5 35.Nc3 Kf6 36.Ke2 Ke5
37.Kd3 Nb2+ 38.Kc2 Nc4 39.Kd3 Nb2+ 40.Kc2  1/2-1/2

[Event "2nd Bundesliga West 2005-6"]
[Site "Austria AUT"]
[Date "2006.03.17"]
[Round "9"]
[White "Scheiblmaier,R"]
[Black "Bertagnolli,A"]
[Result "0-1"]
[WhiteElo "2159"]
[BlackElo "2281"]

1.d4 Nf6 2.c4 e6 3.g3 Bb4+ 4.Nd2 O-O 5.Bg2 Nc6 6.Nf3 d5 7.Qc2 Re8 8.O-O dxc4
9.Qxc4 Qd5 10.e3 b6 11.Ne5 Qxc4 12.Ndxc4 Nxe5 13.Nxe5 Ba6 14.Rd1 Be2 15.Bd2 Bxd1
16.Bxb4 Be2 17.Bxa8 Rxa8 18.Rc1 Nd5 19.Ba3 f6 20.Nc6 Bf3 21.Ne7+ Nxe7 22.Bxe7 c6
23.Kf1 Kf7 24.Ba3 Rd8 25.Bb4 Kg6 26.Bc3 Kf5 27.a4 h5 28.a5 h4 29.Ke1 e5 30.axb6 axb6
31.Ra1 exd4 32.Bxd4 c5 33.Bc3 Ke4 34.Bd2 Rh8 35.Ra4+ Kd3 36.g4 Rd8 37.h3 Kc2
38.Rf4 Bg2 39.Bc3 Bxh3 40.f3 Rd1+ 41.Ke2 b5 42.Rf5 b4 43.Rxc5 Bf1+ 44.Kf2 bxc3
45.Rxc3+ Kxb2 46.Rc7 Bd3 47.Rxg7 Rd2+ 48.Kg1 Be2 49.Rh7 Bxf3 50.Rxh4 Rg2+
51.Kf1 Rxg4 52.Rh6 f5 53.Rd6 Kc3 54.Kf2 Be4 55.Rd8 Rg2+ 56.Kf1 Rd2  0-1

[Event "ch-ARG s/f"]
[Site "Buenos Aires ARG"]
[Date "2006.03.21"]
[Round "1"]
[White "Bitelmajer,M"]
[Black "Alza,A"]
[Result "0-1"]
[WhiteElo "2320"]
[BlackElo "2084"]

1.d4 Nf6 2.c4 e6 3.g3 Bb4+ 4.Bd2 c5 5.Bxb4 cxb4 6.Bg2 O-O 7.Nf3 d6 8.O-O Nc6
9.Nbd2 e5 10.d5 Ne7 11.e4 Bg4 12.a3 bxa3 13.Rxa3 Nd7 14.Qc2 Bxf3 15.Nxf3 a5
16.Rfa1 Ra6 17.c5 dxc5 18.Bf1 Rf6 19.Qc3 Rxf3 20.Qxf3 b6 21.Bb5 Nc8 22.Qf5 Nf6
23.Qxe5 Nd6 24.Bc6 Nfxe4 25.Re1 Nd2 26.Qe2 N2e4 27.Re3 Nf6 28.Re7 Nf5 29.Ra7 Nd4
30.Qd1 Qd6 31.Ra8 g6 32.Rxf8+ Kxf8 33.f3 Nxd5 34.Bxd5 Qxd5 35.Kg2 Qb3 36.Qxb3 Nxb3
37.Kf2 Nd4 38.Re4 Ne6 39.Ke3 Ke7 40.Kd3 Kd6 41.f4 f5 42.Re5 b5 43.Kc3 Nc7
44.h4 h5 45.b3 Ne6 46.Re1 Kd5 47.Ra1 a4 48.bxa4 b4+ 49.Kb2 c4 50.a5 c3+ 51.Kb3 Kc5
52.Rd1 Kb5 53.Rd5+ Nc5+ 54.Kc2 Kc4 55.a6 b3+ 56.Kc1 Nxa6 57.Rd6 b2+ 58.Kb1 Kb3
59.Rd3 Nc5 60.Re3 Ne4  0-1

[Event "ch-ARG s/f"]
[Site "Buenos Aires ARG"]
[Date "2006.03.25"]
[Round "5"]
[White "Lopez,Di"]
[Black "Jimenez,Joa"]
[Result "0-1"]
[WhiteElo "2120"]
[BlackElo "2218"]

1.c4 Nf6 2.g3 e6 3.d4 Bb4+ 4.Bd2 Be7 5.Bg2 d5 6.Nf3 O-O 7.O-O c6 8.Bc3 b6
9.Nbd2 Ba6 10.Qb3 Nbd7 11.Ne5 Nxe5 12.dxe5 Nd7 13.e4 dxc4 14.Nxc4 Nc5 15.Qb4 Nxe4
16.Qa4 Bb5 17.Qc2 Bxc4 18.Rfd1 Bd5 19.Bxe4 Bxe4 20.Qxe4 Qc7 21.Rd3 Rad8 22.Rad1 Rd5
23.Rxd5 cxd5 24.Qg4 Rc8 25.Rd4 Bc5 26.Ra4 b5 27.Rf4 Qb7 28.Qh5 Bf8 29.Qf3 b4
30.Bd4 Rc1+ 31.Kg2 Qb5 32.Kh3 Qf1+ 33.Qg2 Qxg2+ 34.Kxg2 a5 35.Bb6 a4 36.a3 bxa3
37.bxa3 Rc4 38.Rf3 Bc5 39.Bxc5 Rxc5 40.Rf4 Ra5 41.Rb4 g5 42.h4 gxh4 43.Rxh4 f6
44.exf6 Kf7 45.Kf3 Kxf6 46.Rxh7 Rb5 47.Kf4 e5+ 48.Ke3 Rb3+ 49.Ke2 Rxa3 50.Rh6+ Kg5
51.Rd6 d4 52.f4+ Kf5 53.fxe5 Kxe5 54.Rd8 Rxg3  0-1

[Event "ch-ARG s/f"]
[Site "Buenos Aires ARG"]
[Date "2006.03.27"]
[Round "8"]
[White "Perelman,H"]
[Black "Giardelli,S"]
[Result "1-0"]
[WhiteElo "2148"]
[BlackElo "2418"]

1.d4 Nf6 2.c4 e6 3.g3 Bb4+ 4.Bd2 a5 5.Bg2 d5 6.Qc2 O-O 7.Nf3 Ne4 8.O-O f5
9.Nc3 c6 10.Bf4 b6 11.cxd5 exd5 12.Ne5 Bb7 13.Qb3 Kh8 14.Rad1 Be7 15.f3 Ng5
16.e4 Ne6 17.Be3 f4 18.Bf2 Bb4 19.Rfe1 Qd6 20.a3 Bxc3 21.bxc3 Nd7 22.Nxd7 Qxd7
23.exd5 cxd5 24.Qxb6 Ng5 25.g4 Rf6 26.Qb3 h5 27.Re5 Rg6 28.h4 Nxf3+ 29.Bxf3 hxg4
30.Bxd5 Bxd5 31.Rxd5 Qc6 32.Rh5+ Rh6 33.d5 Qd6 34.Rxh6+ Qxh6 35.Qb7 Rf8 36.Qe7 Rf6
37.d6 g3 38.d7 gxf2+ 39.Kf1  1-0

[Event "TCh-FRA Top 16 Gp A"]
[Site "Montpellier FRA"]
[Date "2006.03.31"]
[Round "5"]
[White "Sakaev,K"]
[Black "Kogan,Ar"]
[Result "1/2-1/2"]
[WhiteElo "2649"]
[BlackElo "2560"]

1.d4 Nf6 2.c4 e6 3.g3 Bb4+ 4.Bd2 a5 5.Nf3 d6 6.Bg2 Nbd7 7.O-O e5 8.e3 Bxd2
9.Qxd2 c6 10.Nh4 O-O 11.Nc3 Re8 12.e4 Nf8 13.h3 Qb6 14.Nf3 Qa6 15.b3 b5 16.cxb5 cxb5
17.Rfe1 b4 18.Na4 Bd7 19.dxe5 dxe5 20.Nc5 Qb6 21.Rac1 Bb5 22.Qe3 Rac8 23.Bf1  1/2-1/2

[Event "FSIM April"]
[Site "Budapest HUN"]
[Date "2006.04.12"]
[Round "12"]
[White "Ignacz,M"]
[Black "Sebestyen,Ba"]
[Result "1/2-1/2"]
[WhiteElo "2228"]
[BlackElo "2317"]

1.d4 e6 2.c4 Nf6 3.g3 Bb4+ 4.Bd2 Qe7 5.Bg2 Nc6 6.Nf3 Bxd2+ 7.Qxd2 Ne4 8.Qc2 Qb4+
9.Nc3 Nxc3 10.Qxc3 Qxc3+ 11.bxc3 Rb8 12.O-O Ke7  1/2-1/2

[Event "Spring NAm GMB"]
[Site "Schaumburg USA"]
[Date "2006.04.21"]
[Round "8"]
[White "Gurevich,D"]
[Black "Burnett,R"]
[Result "1-0"]
[WhiteElo "2503"]
[BlackElo "2390"]

1.d4 Nf6 2.c4 e6 3.g3 Bb4+ 4.Bd2 Qe7 5.Bg2 Nc6 6.Nf3 Bxd2+ 7.Nbxd2 d6 8.O-O O-O
9.e4 e5 10.d5 Nb8 11.Ne1 a5 12.Nd3 Na6 13.Qc2 Nd7 14.a3 Ndc5 15.Nxc5 Nxc5
16.b4 axb4 17.axb4 Rxa1 18.Rxa1 Na6 19.Qc3 c5 20.dxc6 bxc6 21.Nf1 Qb7 22.Ra4 Be6
23.Ne3 Rb8 24.Nc2 f6 25.h3 Nc7 26.Ne3 Na6 27.Qd2 Rd8 28.Kh2 Nc7 29.Ra5 Na6
30.Ra4 Nc7 31.h4 Rd7 32.h5 Bf7 33.h6 g6 34.Ng4 Ne8 35.Qa2 Kf8 36.Bh3 c5 37.Ra8 Ke7
38.Ne3 Rc7 39.Qa4 Qc6 40.b5 Qxe4 41.b6  1-0

[Event "TCh-NED 2005-6"]
[Site "Netherlands NED"]
[Date "2006.04.23"]
[Round "9"]
[White "Peek,Mau"]
[Black "Winants,L"]
[Result "0-1"]
[WhiteElo "2383"]
[BlackElo "2535"]

1.d4 Nf6 2.c4 e6 3.g3 Bb4+ 4.Nd2 c5 5.a3 Bxd2+ 6.Qxd2 cxd4 7.Nf3 Nc6 8.Nxd4 Na5
9.Qd3 d5 10.cxd5 Qxd5 11.Qb5+ Bd7 12.Qxd5 Nxd5 13.e4 Nb6 14.Bd2 Nac4 15.Bxc4 Nxc4
16.Bc3 f6 17.O-O Kf7 18.Rfd1 Rhd8 19.b3 Nd6 20.f3 e5 21.Bb4 Nxe4 22.Ne2 Ng5
23.Kf2 Bc6 24.Ng1 Ne6 25.Ne2 g5 26.Ke3 h5 27.f4 exf4+ 28.gxf4 Re8 29.Kf2 gxf4
30.Rac1 Rg8 31.Rg1 Rg4 32.Rc4 Rh4  0-1

[Event "81st ch-ARG"]
[Site "San Luis ARG"]
[Date "2006.04.28"]
[Round "3"]
[White "Perelman,H"]
[Black "Valerga,D"]
[Result "0-1"]
[WhiteElo "2148"]
[BlackElo "2470"]

1.d4 Nf6 2.c4 e6 3.g3 Bb4+ 4.Bd2 c5 5.Bxb4 cxb4 6.Bg2 O-O 7.e4 d6 8.Ne2 e5
9.O-O Re8 10.Re1 a5 11.a3 Na6 12.axb4 Nxb4 13.Na3 Bd7 14.Qd2 h5 15.Nc3 Rc8
16.Rad1 h4 17.Qg5 hxg3 18.hxg3 Qe7 19.f4 exd4 20.Rxd4 Rc5 21.e5 dxe5 22.Rxe5 Rxe5
23.Qxe5 Qd8 24.Qc5 Re1+ 25.Bf1 b6 26.Qg5 Rxf1+  0-1

[Event "28th Nezhmetdinov mem"]
[Site "Kazan RUS"]
[Date "2006.06.07"]
[Round "7"]
[White "Gabdrakhmanov,R"]
[Black "Fedoseev,Vl"]
[Result "1-0"]
[WhiteElo "2414"]
[BlackElo "2300"]

1.d4 Nf6 2.c4 e6 3.g3 Bb4+ 4.Bd2 a5 5.Bg2 d5 6.Nf3 O-O 7.O-O c5 8.cxd5 exd5
9.Bg5 c4 10.Nc3 Bxc3 11.bxc3 h6 12.Bxf6 Qxf6 13.Ne5 Qd6 14.e4 Nc6 15.Nxc6 bxc6
16.Qh5 dxe4 17.Bxe4 Be6 18.Rfe1 Bd5 19.Bxd5 cxd5 20.Re5 Rad8 21.Qe2 Qa3 22.Qe1 a4
23.h4 Qd6 24.Qe2 Rb8 25.Qf3 Qa3 26.Rxd5 Qb2 27.Re1 Qxa2 28.Kg2 a3 29.Rd7 Qc2
30.Ra7 a2 31.Re2 Qc1 32.Raxa2 Rb1 33.Kh3 f5 34.Re7 Kh8 35.Raa7 Rg8 36.Qxf5 Qh1+
37.Kg4 Qd1+ 38.f3 Qd3 39.Ra2 Qd1 40.Qg6 Rbb8 41.Raa7 Qd3 42.Qxd3 cxd3 43.Re3 d2
44.Rd3 Rb2 45.Ra1 Re8 46.Rd1 Re2 47.d5 g6 48.d6  1-0

[Event "TCh-NOR"]
[Site "Oslo NOR"]
[Date "2006.06.07"]
[Round "1"]
[White "Skrondal,I"]
[Black "Hammer,J"]
[Result "0-1"]
[WhiteElo "2090"]
[BlackElo "2287"]

1.d4 Nf6 2.c4 e6 3.g3 Bb4+ 4.Bd2 Qe7 5.Bg2 Nc6 6.Nf3 Bxd2+ 7.Qxd2 Ne4 8.Qc2 Qb4+
9.Nc3 Nxc3 10.Qxc3 Qxc3+ 11.bxc3 d6 12.Nd2 Na5 13.Rb1 Rb8 14.c5 dxc5 15.dxc5 b6
16.cxb6 cxb6 17.Nb3 Nc4 18.Nd2 Ba6 19.Bc6+ Ke7 20.Bb5 Bxb5 21.Rxb5 Nd6 22.Rb3 Rhc8
23.e3 Rc5 24.Ke2 Rbc8 25.Rc1 Ra5 26.Rc2 g5 27.g4 h5 28.h3 f5 29.gxf5 exf5
30.f3 Ra4 31.Kf2 Rh4 32.Kg2 g4 33.hxg4 hxg4 34.fxg4 Rxg4+ 35.Kf3 Rh8 36.Rbb2 Nf7
37.Rb5 Kf6 38.Ke2 Ne5 39.e4 Rh2+ 40.Kf1 Rf4+ 41.Ke1 fxe4 42.Rxe5 Rh1+  0-1

[Event "Lasker Mem A"]
[Site "Barlinek POL"]
[Date "2006.06.11"]
[Round "9"]
[White "Khamitskiy,S"]
[Black "Liwak,P"]
[Result "1/2-1/2"]
[WhiteElo "2201"]
[BlackElo "2340"]

1.d4 Nf6 2.c4 e6 3.g3 Bb4+ 4.Nd2 O-O 5.Bg2 d6 6.Nf3 Re8 7.O-O Bxd2 8.Qxd2 Nbd7
9.b3 e5 10.dxe5 dxe5 11.Bb2 Qe7 12.Qc2 e4 13.Nd4 Nc5 14.b4 Na6 15.b5 Nc5
16.Nb3 Bf5 17.Ba3 Nfd7 18.Rfd1 b6 19.Nxc5 Nxc5 20.Bxc5 bxc5 21.Qc1 Red8 22.Qa3 Rd6
23.Rxd6 Qxd6 24.Qa4 Qd2 25.Bf1 e3 26.Rd1 exf2+ 27.Kxf2 Qh6 28.Qxa7 Re8 29.Qxc7 Qe3+
30.Ke1 Qc3+ 31.Kf2 Qe3+ 32.Ke1 Qc3+ 33.Kf2  1/2-1/2

[Event "Masters"]
[Site "Las Vegas USA"]
[Date "2006.06.12"]
[Round "6"]
[White "Ippolito,D"]
[Black "Vigorito,D"]
[Result "1/2-1/2"]
[WhiteElo "2413"]
[BlackElo "2373"]

1.d4 Nf6 2.c4 e6 3.g3 Bb4+ 4.Bd2 Qe7 5.Bg2 Nc6 6.Nf3 Bxd2+ 7.Nbxd2 d6 8.O-O O-O
9.e4 e5 10.d5 Nb8 11.Ne1 a5 12.Nd3 Bd7 13.Qc2 Na6 14.Qc3 b5 15.Rac1  1/2-1/2

[Event "34th World Open"]
[Site "Philadelphia USA"]
[Date "2006.06.30"]
[Round "3"]
[White "Miton,K"]
[Black "Stocek,J"]
[Result "1/2-1/2"]
[WhiteElo "2646"]
[BlackElo "2565"]

1.d4 Nf6 2.c4 e6 3.g3 Bb4+ 4.Bd2 a5 5.Bg2 d5 6.Nf3 dxc4 7.O-O Nc6 8.e3 O-O
9.Qc2 e5 10.dxe5 Ng4 11.a3 Bxd2 12.Nbxd2 Ngxe5 13.Nxe5 Nxe5 14.Nxc4 Nxc4
15.Qxc4 c6 16.Rad1 Qe7 17.Rd2 Be6 18.Qc3 Rfd8 19.Rfd1 a4 20.Rd4 h6 21.h3 Qc7
22.Qc5 Rxd4 23.Rxd4 Qa5 24.Qc1 Bb3 25.Be4 Rd8 26.Qc3 Qc7 27.Qc5 Rxd4 28.exd4  1/2-1/2

[Event "34th World Open"]
[Site "Philadelphia USA"]
[Date "2006.07.02"]
[Round "5"]
[White "Antic,De"]
[Black "Coleman,T"]
[Result "1-0"]
[WhiteElo "2491"]
[BlackElo "2215"]

1.d4 Nf6 2.c4 e6 3.g3 Bb4+ 4.Bd2 a5 5.Bg2 d5 6.Nf3 O-O 7.O-O Bxd2 8.Qxd2 Qe7
9.Rc1 Rd8 10.Qf4 Na6 11.Nbd2 c5 12.cxd5 Nxd5 13.Qe5 f6 14.Qh5 Bd7 15.e4 Be8
16.Qh4 Ndb4 17.e5 Nd3 18.Rc3 Nxb2 19.Ne4 Bg6 20.exf6 gxf6 21.Nxf6+ Kh8 22.Ne5 Bf5
23.Rb3 Rxd4 24.Rxb7 Qxb7 25.Bxb7 Rxh4 26.Bxa8 Rd4 27.Nc6 Ra4 28.g4 Bd3 29.Ne5 c4
30.h4 c3 31.Rc1 Ra3 32.h5 Kg7 33.g5 h6 34.Be4 Nc5 35.Bg6 hxg5 36.Ne8+ Kg8
37.h6 Bxg6 38.Nf6+ Kf8 39.Nxg6+ Kf7 40.h7 Kxf6 41.h8=Q+ Kxg6 42.Qg8+ Kh5
43.f3  1-0

[Event "34th World Open"]
[Site "Philadelphia USA"]
[Date "2006.07.04"]
[Round "8"]
[White "Antic,De"]
[Black "Hess,Ro"]
[Result "1/2-1/2"]
[WhiteElo "2491"]
[BlackElo "2354"]

1.d4 Nf6 2.c4 e6 3.g3 Bb4+ 4.Bd2 Qe7 5.Nf3 Nc6 6.Nc3 Bxc3 7.Bxc3 Ne4 8.Rc1 O-O
9.Bg2 d6 10.O-O Nxc3 11.Rxc3 a5 12.d5 Nb4 13.a3 Na6 14.dxe6 fxe6 15.Nd4 e5
16.Nb5 a4 17.Re3 Nc5 18.f4 Be6 19.fxe5 Rxf1+ 20.Qxf1 Bxc4 21.Nc3 dxe5 22.Qf4 exf4
23.Rxe7 Ne6 24.Bxb7 Rd8 25.Bc6 fxg3 26.hxg3 Rd2 27.Nxa4 Rxe2 28.Bf3 Rd2 29.Bg4 Nd4
30.Rxc7 Bb3 31.Nc3 Rxb2 32.a4 g6 33.Rd7 Nc6 34.Rb7 Nd4 35.Rb4 Rc2 36.Ne4 h5
37.Rxb3 hxg4 38.Ra3 Nf3+ 39.Kf1 Rc6 40.a5 Re6 41.a6 Rxe4 42.a7 Re8 43.a8=Q Rxa8
44.Rxa8+ Kg7 45.Kf2 Ne5 46.Ke3 Nf7 47.Kf4 Kf6 48.Ra6+ Kg7 49.Kxg4 Kh6 50.Kf4 Kg7
51.Ke4 Kh6 52.Rf6 Kg7 53.Rf1 Kg8 54.Kd5 Kg7 55.Rf4 Ng5 56.Ke5 Nf7+ 57.Ke6 Ng5+
58.Ke7 Nh7 59.Rf7+ Kh6 60.Ke8 Ng5 61.Rf4 Kg7 62.Ra4 Nh7 63.Ra7+ Kh6 64.Rf7 Ng5
65.Rf4 Kg7 66.Rc4 Nh7 67.Rc7+ Kh6 68.Re7 Ng5 69.Kf8 Kh5 70.Kg7 Kg4 71.Kxg6 Nf3
72.Re3 Nd2 73.Re1 Nf3 74.Re3 Nd2 75.Rd3 Nf1 76.Rd4+ Kxg3 77.Kf5 Kf3 78.Rf4+ Ke2
79.Ke5 Nd2 80.Ra4 Nf3+ 81.Kf4 Nd2 82.Rd4 Nb1 83.Re4+ Kd3 84.Re3+ Kd4 85.Re8 Kd3
86.Rd8+ Ke2 87.Rc8 Kd3 88.Ke5 Nd2 89.Ra8 Nf3+ 90.Kd5 Ke3 91.Ra1 Kf4 92.Ra3 Nd2
93.Kd4 Nf3+ 94.Kd3 Ne5+ 95.Kd4 Nf3+ 96.Kc4 Ke4 97.Ra8 Ke3 98.Re8+ Kf4 99.Kd5 Nd2
100.Re1 Nf3 101.Re2 Ng5 102.Rf2+ Ke3 103.Ra2 Nf3 104.Ke6 Nd4+ 105.Kf6 Nf3
106.Ra4 Nd2 107.Kf5 Kd3 108.Kf4 Nc4 109.Ra8 Kd4 110.Rd8+ Kc3 111.Ke4 Nd2+
112.Ke3 Nc4+ 113.Ke2 Ne5 114.Rd5 Nc4 115.Kf3 Nd2+ 116.Kf4 Nc4 117.Rd8 Nd2
118.Rc8+ Kd3 119.Rc7 Nc4 120.Rd7+ Kc3 121.Rd1 Kc2 122.Rh1 Kc3 123.Rh4 Nd2
124.Ke3 Nc4+ 125.Ke2 Ne5 126.Re4 Nc4 127.Rh4 Ne5  1/2-1/2

[Event "II Int Open"]
[Site "Alajuela CRC"]
[Date "2006.07.12"]
[Round "2"]
[White "Bermudez,A"]
[Black "Georgiev,Vl"]
[Result "0-1"]
[WhiteElo "1999"]
[BlackElo "2518"]

1.d4 Nf6 2.c4 e6 3.g3 Bb4+ 4.Bd2 Be7 5.Bg2 d5 6.Nf3 c6 7.O-O b6 8.Qc2 Ba6
9.b3 Nbd7 10.Bc1 O-O 11.Bb2 Rc8 12.Nbd2 c5 13.e3 cxd4 14.exd4 dxc4 15.bxc4 Bxc4
16.Nxc4 b5 17.Qe2 Rxc4 18.Rac1 Qc7 19.a4 a6 20.axb5 axb5 21.Nd2 Rxc1 22.Rxc1 Qb8
23.Bc6 b4 24.d5 e5 25.Nc4 Bd6 26.g4 h6 27.h4 Rd8 28.g5 hxg5 29.hxg5 Nh7 30.Qg4 Ndf8
31.Re1 Ng6 32.Re3 Nhf8 33.Rb3 Bc5 34.Nd2 Qa7 35.Ne4 Bd4 36.Bxd4 Qxd4 37.Rxb4 Qa1+
38.Kh2 Nf4 39.Rb3 Qa6 40.Rb7 N8g6 41.Qf5 Rf8 42.Rb2 Qa3 43.Rb1 Qf3 44.Rg1 Qh5+
45.Kg3 Ne2+  0-1

[Event "Inautomarket Open"]
[Site "Minsk BLR"]
[Date "2006.07.14"]
[Round "5"]
[White "Gabdrakhmanov,R"]
[Black "Andreikin,D"]
[Result "0-1"]
[WhiteElo "2414"]
[BlackElo "2503"]

1.d4 Nf6 2.c4 e6 3.g3 Bb4+ 4.Bd2 Bxd2+ 5.Qxd2 Ne4 6.Qc2 f5 7.Bg2 O-O 8.Nc3 Nxc3
9.Qxc3 d6 10.Nh3 Nd7 11.f4 Qe7 12.Ng5 Nf6 13.O-O h6 14.Nf3 Bd7 15.Nh4 Rfb8
16.Rae1 g5 17.fxg5 hxg5 18.Nf3 Ne4 19.Qe3 Qg7 20.Nd2 Nf6 21.Qc3 Rf8 22.Bxb7 Rae8
23.Bg2 e5 24.dxe5 dxe5 25.Nb3 f4 26.Nc5 Bf5 27.e3 Nh5 28.exf4 gxf4 29.Qf3 Bg4
30.Qd5+ Kh8 31.h3 Bxh3 32.Bxh3 Qxg3+ 33.Qg2 Qh4 34.Qf3 Rg8+ 35.Bg2 Rxg2+
36.Qxg2 Rg8 37.Re2 Ng3 38.Rxe5 Nxf1 39.Qxg8+ Kxg8 40.Kxf1 f3 41.Nd3 Qh1+
42.Kf2 Qg2+ 43.Ke3 f2 44.Nxf2 Qg3+ 45.Ke4 Qxf2 46.Rb5 a6 47.Rb8+ Kf7 48.Kd3 c5
49.Rb7+ Ke8 50.Rb3 Kd7 51.Kc3 Kc7 52.Ra3 a5 53.Ra4 Kb6 54.Ra3 Ka6 55.Ra4 Qe2
56.Ra3 Qd1 57.Rb3 a4 58.Rb8 Qd4+ 59.Kc2 Qxc4+ 60.Kd1 Qf1+ 61.Kc2 Qf2+  0-1

[Event "XI Open"]
[Site "Balaguer ESP"]
[Date "2006.07.17"]
[Round "1"]
[White "Mora Amella,J"]
[Black "Roeder,M"]
[Result "0-1"]
[WhiteElo "1856"]
[BlackElo "2423"]

1.d4 Nf6 2.c4 e6 3.g3 Bb4+ 4.Bd2 a5 5.Bg2 O-O 6.Nf3 b6 7.O-O Ba6 8.Bxb4 axb4
9.Nbd2 c5 10.e3 Qc7 11.Re1 Nc6 12.Qc2 Bb7 13.Nb3 d6 14.e4 e5 15.d5 Ne7 16.Nbd2 Ra5
17.Re3 Rfa8 18.a4 bxa3 19.bxa3 Bc8 20.Qb2 Bd7 21.Rb3 Nc8 22.Bf1 Ba4 23.Re3 Rb8
24.Rb1 Nd7 25.Kg2 b5 26.cxb5 Na7 27.Qc3 Nxb5 28.Bxb5 Bxb5 29.Nc4 Ra4 30.Nfd2 Bxc4
31.Rxb8+ Qxb8 32.Nxc4 f5 33.exf5 Qa8 34.Rd3 Qa6 35.Ne3 e4 36.Rd2 Rxa3 37.Qc4 Qa5
38.Rb2 Ra4 39.Qb5 Qxb5 40.Rxb5 Rb4 41.Ra5 Nb6 42.Ra7 Rd4 43.Ng4 h5 44.Ne3 Nxd5  0-1

[Event "Czech Open A"]
[Site "Pardubice CZE"]
[Date "2006.07.24"]
[Round "4"]
[White "Kostiukova,L"]
[Black "Kubecka,D"]
[Result "1-0"]
[WhiteElo "2409"]
[BlackElo "2269"]

1.d4 Nf6 2.c4 e6 3.g3 Bb4+ 4.Bd2 Qe7 5.Bg2 O-O 6.Nf3 d5 7.O-O c5 8.Bxb4 cxb4
9.a3 b6 10.Nbd2 Bb7 11.Re1 Nc6 12.e4 dxe4 13.Nxe4 Nxe4 14.Rxe4 Na5 15.Rh4 b3
16.Qd3 g6 17.Re1 Rad8 18.d5 Qf6 19.Ne5 exd5 20.cxd5 Bc8 21.Rf4 Qd6 22.Qf3 Rfe8
23.Qc3 f6 24.Ng4 Rxe1+ 25.Qxe1 f5 26.Nh6+ Kg7 27.Qc3+ Qf6 28.Qc7+ Bd7 29.Ng4 Qe7
30.Qc3+  1-0

[Event "Canadian Closed zt"]
[Site "Toronto CAN"]
[Date "2006.08.21"]
[Round "4"]
[White "Gerzhoy,L"]
[Black "Mikanovic,G"]
[Result "1/2-1/2"]
[WhiteElo "2386"]
[BlackElo "2284"]

1.d4 Nf6 2.c4 e6 3.g3 Bb4+ 4.Bd2 Be7 5.Bg2 d5 6.Nf3 O-O 7.O-O c6 8.Bf4 b6
9.Nc3 a5 10.Rc1 Ba6 11.cxd5 cxd5 12.Ne5 Nfd7 13.Nxd7 Nxd7 14.Re1 Nf6 15.Bg5 Rc8
16.Bxf6 Bxf6 17.e3 Be7 18.Bf1 Bc4 19.Bxc4  1/2-1/2

[Event "56th TCh-BUL"]
[Site "Sunny Beach BUL"]
[Date "2006.10.10"]
[Round "6"]
[White "Petrov,Iv1"]
[Black "Genov,Peta"]
[Result "1/2-1/2"]
[WhiteElo "2205"]
[BlackElo "2479"]

1.d4 Nf6 2.c4 e6 3.g3 Bb4+ 4.Bd2 Qe7 5.Nf3 Nc6 6.Nc3 O-O 7.Bg2 Na5 8.b3 b6
9.Ne5 Bb7 10.O-O Bxg2 11.Kxg2 c5 12.a3 Bxc3 13.Bxc3 cxd4 14.Bxd4 d6 15.Nd3 Rfd8
16.Nb4 Qb7+ 17.f3 e5 18.Be3 d5 19.cxd5 Nxd5 20.Nxd5 Rxd5 21.Qc2 Rc8 22.Qb2 Rb5
23.b4 Nc4 24.Qb3 e4 25.Rac1 Qc6 26.Rfd1 exf3+ 27.exf3 h5 28.Bf2 Rf5 29.Rc3 a6
30.Bxb6 Qxb6 31.Rxc4 Re8 32.Qd3 Rfe5 33.Re4 Rxe4 34.fxe4 Qe6 35.Re1 g6 36.Re2 Qc6
37.Qf3 Re5 38.h4 f5  1/2-1/2

[Event "14th Chigorin Mem"]
[Site "St-Petersburg RUS"]
[Date "2006.10.23"]
[Round "1"]
[White "Kornev,Alexei"]
[Black "Khusnutdinov,R"]
[Result "1/2-1/2"]
[WhiteElo "2578"]
[BlackElo "2411"]

1.d4 Nf6 2.c4 e6 3.g3 Bb4+ 4.Bd2 Qe7 5.Bg2 O-O 6.Nf3 Nc6 7.O-O Bxd2 8.Qxd2 e5
9.Nc3 d6 10.d5 Nb8 11.e4 a5 12.Ne1 Na6 13.Nd3 Nd7 14.f4 Nac5 15.Nf2 f5 16.exf5 exf4
17.Rae1 Qd8 18.Qxf4 Ne5 19.Rxe5 dxe5 20.Qe3 Qe7 21.g4 g6 22.Nfe4 Nxe4 23.Bxe4 Ra6
24.c5 gxf5 25.gxf5 Raf6 26.d6 Qg7+ 27.Qg3 Qxg3+ 28.hxg3 cxd6 29.Nd5 Rh6 30.Rc1 Kh8
31.Ne3 Rd8 32.Kg2 Rf6 33.cxd6 Rfxd6 34.Kf3 Rd2 35.Nc4 Rh2 36.Nxe5 Rf8 37.g4 Rxb2
38.Rc7 Be6 39.a4 b5 40.axb5 Rxb5 41.Kf4 Rb4 42.Ke3 Rb3+ 43.Nd3 Bg8 44.g5 Re8
45.f6 Bd5 46.Rxh7+ Kg8 47.Re7 Rxe7 48.fxe7 Rxd3+ 49.Kxd3  1/2-1/2

[Event "TCh-AUT 2006-7"]
[Site "Graz AUT"]
[Date "2006.11.04"]
[Round "2"]
[White "Karner,C"]
[Black "Stanec,N"]
[Result "1/2-1/2"]
[WhiteElo "2319"]
[BlackElo "2514"]

1.d4 Nf6 2.c4 e6 3.g3 Bb4+ 4.Nd2 O-O 5.Nf3 b6 6.Bg2 Bb7 7.O-O Bxd2 8.Bxd2 d6
9.Rc1 Nbd7 10.Bc3 Qe7 11.b4 Ne4 12.Bb2 f5 13.d5 e5 14.Nd2 Nxd2 15.Qxd2 a5
16.a3 axb4 17.axb4 f4 18.Qd3 Nf6 19.c5 bxc5 20.bxc5 Ba6 21.Qc2 fxg3 22.hxg3 Ng4
23.Bf3 Rxf3 24.exf3 Bxf1 25.Kxf1 Nf6 26.cxd6 cxd6 27.Qc6  1/2-1/2

[Event "10th OIBM"]
[Site "Bad Wiessee GER"]
[Date "2006.11.07"]
[Round "4"]
[White "Bykhovsky,Av"]
[Black "Claassen,J"]
[Result "1-0"]
[WhiteElo "2458"]
[BlackElo "2208"]

1.d4 Nf6 2.c4 e6 3.g3 Bb4+ 4.Bd2 Qe7 5.Bg2 Nc6 6.Nf3 Bxd2+ 7.Nbxd2 O-O 8.O-O d6
9.e4 e5 10.d5 Nb8 11.Ne1 a5 12.Nd3 Na6 13.a3 Bg4 14.f3 Bd7 15.b4 c6 16.dxc6 bxc6
17.bxa5 d5 18.exd5 cxd5 19.Re1 dxc4 20.Nxc4 Bb5 21.Ncxe5 Bxd3 22.Qxd3 Qc5+
23.Qe3 Qxa5 24.Nc6 Qa4 25.f4 Rae8 26.Ne7+ Kh8 27.Bc6 Qc2 28.Rac1  1-0

[Event "V Ilijas Subasic Mem"]
[Site "Zenica BIH"]
[Date "2006.12.14"]
[Round "7"]
[White "Dizdarevic,E"]
[Black "Drasko,M"]
[Result "1/2-1/2"]
[WhiteElo "2492"]
[BlackElo "2547"]

1.d4 e6 2.c4 Nf6 3.g3 Bb4+ 4.Bd2 c5 5.Nf3 O-O 6.Bg2 d6 7.O-O Bxd2 8.Qxd2 Qe7
9.dxc5 dxc5 10.Ne5 Rd8 11.Qe3 Nbd7 12.Nc3 Nxe5  1/2-1/2

[Event "Weihnachtsopen Masters"]
[Site "Zurich SUI"]
[Date "2006.12.27"]
[Round "3"]
[White "Carron,J"]
[Black "Valdivia,R"]
[Result "1-0"]
[WhiteElo "2385"]
[BlackElo "2218"]

1.d4 Nf6 2.c4 e6 3.g3 Bb4+ 4.Bd2 Qe7 5.Nf3 O-O 6.Bg2 Bxd2+ 7.Qxd2 Nc6 8.O-O d6
9.Nc3 e5 10.dxe5 dxe5 11.Nd5 Qd6 12.Rfd1 Bg4 13.Nh4 Nxd5 14.cxd5 Nd4 15.e3 Nf5
16.Nxf5 Bxf5 17.Rac1 Rac8 18.Rc4 Rfd8 19.Rdc1 c5 20.e4 Bd7 21.Qc2 h6 22.Rxc5 Rxc5
23.Qxc5 Qxc5 24.Rxc5 Rc8 25.b4 b6 26.Rxc8+ Bxc8 27.Bf1 Kf8 28.Bb5 Ke7 29.Kg2 f5
30.Kf3 Kd6 31.Bc6 g5 32.h4 f4 33.hxg5 hxg5 34.gxf4 exf4 35.Be8 Ke5 36.Bh5 Ba6
37.Bg6 Bc4 38.a3 Bb3 39.Kg4 Kf6 40.Bf5 Bd1+ 41.f3 Ke5 42.Bc8 Be2 43.Bd7 Kf6
44.Bf5 Ke5 45.Bc8 a5 46.Bd7 Kd6 47.Bf5 Ke5 48.Bc8  1-0